000 00437nam a2200193Ia 4500
008 101110s9999 xx 000 0 und d
041 _aENGLISH
082 _bSR9191
_a330.12
100 _aGeorge N. Halm
245 _aEconomic Systems
365 _b16
520 _aEconomics
546 _aENGLISH
630 _aEconomic Systems
650 _aEconomics
655 _aEconomics
730 _aEconomic Systems
942 _cBOOK
999 _c804418
_d804415